|
|
|
|
| LEADER |
00718nab a2200217 i 4500 |
| 001 |
misc61231 |
| 005 |
20240905092611.0 |
| 008 |
230609s1961 hu o 000 cze d |
| 040 |
|
|
|a SZTE Miscellanea Repozitórium
|b hun
|
| 041 |
|
|
|a cze
|
| 100 |
1 |
|
|a Rypka Jan
|
| 245 |
1 |
0 |
|a Jak se udĕlují vyšší vĕdeckĕ hodnosti v Polsku
|h [elektronikus dokumentum] /
|c Rypka Jan
|
| 260 |
|
|
|c 1961
|
| 300 |
|
|
|a 1-5
|c 25 cm
|
| 300 |
|
|
|a 5 p.
|c 25 cm
|
| 561 |
|
|
|a Németh Gyula hagyaték
|
| 591 |
|
|
|a NOV 4974
|
| 650 |
|
4 |
|a Társadalomtudományok
|
| 650 |
|
4 |
|a Oktatástudomány
|
| 695 |
|
|
|a Tanulmányút - magyar - Lengyelország - beszámoló
|
| 856 |
4 |
0 |
|u http://misc.bibl.u-szeged.hu/61231/1/4974_nov.pdf
|z Dokumentum-elérés
|